000 01305cam a22003494i 4500
001 14383079
003 EG-ScBUE
005 20250701085038.0
008 060519s2007 enka f 001 0 eng
020 _a0195315197
020 _a9780195315196
035 _a(OCoLC)ocm69680164
035 _a(OCoLC)69680164
040 _aEG-ScBUE
_beng
_erda
_cEG-ScBUE
_dEG-ScBUE
082 0 4 _a537
_222
_bSAD
100 1 _aSadiku, Matthew N. O.,
_eauthor.
245 1 0 _aElements of electromagnetics /
_cMatthew N. O. Sadiku, Prairie View A&M University.
250 _aInternational fourth edition.
264 1 _aOxford :
_bOxford University Press,
_c2007.
300 _axvii, 681 pages :
_billustrations ;
_c25 cm
336 _2rdacontent
_atext
_btxt
337 _aunmediated
_2rdamedia
_bn
338 _avolume
_bnc
_2rdacarrier
500 _aIncludes index.
500 _aIncludes Appendices.
650 7 _aElectromagnetism.
_2BUEsh
655 _vReading book
856 4 2 _3Contributor biographical information
_uhttp://www.loc.gov/catdir/enhancements/fy0725/2006046376-b.html
856 4 2 _3Publisher description
_uhttp://www.loc.gov/catdir/enhancements/fy0725/2006046376-d.html
856 4 1 _3Table of contents only
_uhttp://www.loc.gov/catdir/enhancements/fy0725/2006046376-t.html
942 _2ddc
_cBB
999 _c10807
_d10807